PRO8L3M - PROXL3M - Statystyki

Ogólne statystyki
  • Ten quiz został rozwiązany 10 razy
  • Średni wynik to 11 z 24
Statystyki odpowiedzi
PROXL3M % Poprawnych
Nicea
80%
Byłem człowiekiem
70%
Miyabi
70%
Otchłań
70%
Forever
60%
Pycha
60%
Lenistwo
50%
Mayday
50%
Tekken
50%
Yokohama
50%
Zazdrość
50%
Chciwość
40%
Gniew
40%
Kłamca kłamca
40%
Nad nami
40%
Ronin
40%
S-class
40%
Wieczna gra
40%
eXplosion
30%
Każdy tylko nie ja
30%
Łakomstwo
30%
Nieczystość
30%
We made it
30%
Fals Flag
20%
Nie znaleziono quizów pasujących do podanych kryteriów
Rozkład punktacji
Procent ludzi z każdym wynikiem
Percentyl według liczby udzielonych odpowiedzi
Twoja historia wyników
Nie rozwiązałeś tego quizu